[Event "The Barry Sheene Appreciation Tournament"]
[Site "SchemingMind.com"]
[Date "2011.04.11"]
[Round "-"]
[White "mooch"]
[Black "childescar"]
[Result "1-0"]
[WhiteCountry "ENG"]
[BlackCountry "FRA"]
[WhiteElo "1704"]
[WhiteRD "90"]
[BlackElo "1297"]
[BlackRD "78"]
[GameID "280070"]

1. e4 e5 2. Nf3 Nc6 3. Bc4 Nf6 4. Ng5 Bc5 5. Nxf7 Qe7 6. Nxh8 g6 7. d3 d6 8. O-O Be6 9. Bxe6 Qxe6 10. Bg5 O-O-O
11. Bxf6 Rf8 12. Nxg6 Rxf6 13. Nh4 Nd4 14. c3 Nc6 15. Nd2 d5 16. exd5 Qxd5 17. Qg4+ Kd8 18. Qe4
1-0

[Event "The Barry Sheene Appreciation Tournament"]
[Site "SchemingMind.com"]
[Date "2011.04.06"]
[Round "-"]
[White "keen"]
[Black "childescar"]
[Result "1-0"]
[WhiteCountry "SCO"]
[BlackCountry "FRA"]
[WhiteElo "1703"]
[WhiteRD "56"]
[BlackElo "1358"]
[BlackRD "74"]
[GameID "280071"]

1. e4 e5 2. Nf3 Nc6 3. Bc4 Nf6 4. Ng5 Bc5 5. Nxf7 Qe7 6. Nxh8 Nxe4 7. Qh5+ g6 8. Nxg6 hxg6 9. Qxg6+ Kd8 10. Qxe4 Nb4
11. O-O d5 12. Bxd5 Be6 13. Bxe6 Qxe6 14. d4 Bxd4 15. c3
1-0

[Event "The Barry Sheene Appreciation Tournament"]
[Site "SchemingMind.com"]
[Date "2011.04.06"]
[Round "-"]
[White "Queeny"]
[Black "childescar"]
[Result "1-0"]
[WhiteCountry "ENG"]
[BlackCountry "FRA"]
[WhiteElo "1673"]
[WhiteRD "74"]
[BlackElo "1297"]
[BlackRD "78"]
[GameID "280072"]

1. e4 e5 2. Nf3 Nc6 3. Bc4 Nf6 4. Ng5 Bc5 5. Nxf7 Qe7 6. O-O Rf8 7. Ng5 d6 8. Be2 Bd7 9. Nc3 h6 10. Bh5+ Nxh5
11. Qxh5+ Kd8 12. Nd5 Qxg5 13. Qxg5+ hxg5 14. d3 Nd4 15. Bxg5+ Kc8 16. Ne3 Ne2+ 17. Kh1 Bxe3 18. Bxe3 c5 19. g3 b5 20. c3 Bh3
21. Rfe1
1-0

[Event "The Barry Sheene Appreciation Tournament"]
[Site "SchemingMind.com"]
[Date "2011.04.06"]
[Round "-"]
[White "Yellow"]
[Black "childescar"]
[Result "1-0"]
[WhiteCountry "INT"]
[BlackCountry "FRA"]
[WhiteElo "2173"]
[WhiteRD "84"]
[BlackElo "1316"]
[BlackRD "75"]
[GameID "280073"]

1. e4 e5 2. Nf3 Nc6 3. Bc4 Nf6 4. Ng5 Bc5 5. Nxf7 Bxf2+ 6. Kxf2 Nxe4+ 7. Kg1 Qf6 8. Qe2 Qf5 9. Nxh8 d6 10. Bd3 d5
11. Nc3 Nd4 12. Qe3 Be6 13. Nxe4 dxe4 14. Bxe4 Qg4 15. h3 Qe2 16. Bxh7 Qh5 17. Bg6+ Qxg6 18. Nxg6
1-0

[Event "The Barry Sheene Appreciation Tournament"]
[Site "SchemingMind.com"]
[Date "2011.04.07"]
[Round "-"]
[White "Olli Ylönen"]
[Black "childescar"]
[Result "1-0"]
[WhiteCountry "FIN"]
[BlackCountry "FRA"]
[WhiteElo "1642"]
[WhiteRD "51"]
[BlackElo "1316"]
[BlackRD "75"]
[GameID "280074"]

1. e4 e5 2. Nf3 Nc6 3. Bc4 Nf6 4. Ng5 Bc5 5. Nxf7 Bxf2+ 6. Kf1 Qe7 7. Nxh8 Nxe4 8. Qf3 Qf6 9. Qxf6 gxf6 10. Bd5 Nd4
11. Bxe4 d6 12. Kxf2 Bf5 13. Bxf5 Nxf5 14. c3 O-O-O 15. Nf7 Re8 16. d3
1-0

[Event "The Barry Sheene Appreciation Tournament"]
[Site "SchemingMind.com"]
[Date "2011.04.07"]
[Round "-"]
[White "lennart"]
[Black "capablanca"]
[Result "0-1"]
[WhiteCountry "SWE"]
[BlackCountry "GER"]
[WhiteElo "1506"]
[WhiteRD "51"]
[BlackElo "1645"]
[BlackRD "54"]
[GameID "280160"]

1. e4 e5 2. Nf3 Nc6 3. Bc4 Nf6 4. Ng5 Bc5 5. Nxf7 Bxf2+ 6. Kxf2 Nxe4+ 7. Ke3 Qh4 8. Qf3 Nf6 9. Bd3 Ng4+ 10. Ke2 Nd4+
0-1

[Event "The Barry Sheene Appreciation Tournament"]
[Site "SchemingMind.com"]
[Date "2011.04.06"]
[Round "-"]
[White "lennart"]
[Black "keen"]
[Result "0-1"]
[WhiteCountry "SWE"]
[BlackCountry "SCO"]
[WhiteElo "1506"]
[WhiteRD "51"]
[BlackElo "1703"]
[BlackRD "56"]
[GameID "280162"]

1. e4 e5 2. Nf3 Nc6 3. Bc4 Nf6 4. Ng5 Bc5 5. Nxf7 Bxf2+ 6. Ke2 Nd4+ 7. Kxf2 Nxe4+ 8. Ke3 Qe7 9. Kxe4 d5+ 10. Bxd5 Bf5+
11. Ke3 Qc5 12. Bxb7 Nxc2+
0-1

[Event "The Barry Sheene Appreciation Tournament"]
[Site "SchemingMind.com"]
[Date "2011.04.06"]
[Round "-"]
[White "lennart"]
[Black "Queeny"]
[Result "1-0"]
[WhiteCountry "SWE"]
[BlackCountry "ENG"]
[WhiteElo "1506"]
[WhiteRD "51"]
[BlackElo "1651"]
[BlackRD "72"]
[GameID "280163"]

1. e4 e5 2. Nf3 Nc6 3. Bc4 Nf6 4. Ng5 Bc5 5. Nxf7 Bxf2+ 6. Kf1 Qe7 7. Nxh8 d5 8. exd5 Bg4 9. Be2 Nxd5 10. Bxg4 Bb6
11. Qf3 Nf6 12. Bf5 e4 13. Qf4 Ne5 14. Nc3 g6 15. Bh3 Qf8 16. Ke2 Qe7 17. Rf1 Ned7 18. Kd1 O-O-O 19. Nxg6 hxg6 20. Re1 e3
21. Rxe3 Bxe3 22. dxe3 a6 23. Bd2 Kb8 24. Ke2 Nb6 25. b3 Nbd5 26. Nxd5 Rxd5 27. Rf1 Qd8 28. Bc3 Nd7 29. Bxd7 Qxd7 30. Bd4 Rf5
31. Qh6 Rxf1 32. Kxf1 Qf5+ 33. Kg1 b6 34. Qf4 Qxf4 35. exf4 Kc8 36. g4 Kd7 37. h4 Ke7 38. f5 gxf5 39. gxf5 Kf7 40. h5 Kg8
41. f6
1-0

[Event "The Barry Sheene Appreciation Tournament"]
[Site "SchemingMind.com"]
[Date "2011.04.07"]
[Round "-"]
[White "lennart"]
[Black "Yellow"]
[Result "0-1"]
[WhiteCountry "SWE"]
[BlackCountry "INT"]
[WhiteElo "1506"]
[WhiteRD "51"]
[BlackElo "2003"]
[BlackRD "117"]
[GameID "280164"]

1. e4 e5 2. Nf3 Nc6 3. Bc4 Nf6 4. Ng5 Bc5 5. Nxf7 Bxf2+ 6. Kf1 Qe7 7. Nxh8 d5 8. exd5 Nd4 9. c3 Bg4 10. Qa4+ Nd7
11. cxd4 Qf6
0-1

[Event "The Barry Sheene Appreciation Tournament"]
[Site "SchemingMind.com"]
[Date "2011.04.07"]
[Round "-"]
[White "lennart"]
[Black "Olli Ylönen"]
[Result "0-1"]
[WhiteCountry "SWE"]
[BlackCountry "FIN"]
[WhiteElo "1506"]
[WhiteRD "51"]
[BlackElo "1607"]
[BlackRD "51"]
[GameID "280165"]

1. e4 e5 2. Nf3 Nc6 3. Bc4 Nf6 4. Ng5 Bc5 5. Nxf7 Bxf2+ 6. Kf1 Qe7 7. c3 Rf8 8. Kxf2 Rxf7 9. Bxf7+ Qxf7 10. Re1 Nxe4+
11. Kg1 Qf2+ 12. Kh1 d5 13. Rf1 Bg4 14. Qf3 Bxf3 15. Rxf2 Nxf2+ 16. Kg1 Bxg2 17. Kxf2 Be4 18. Na3 O-O-O 19. Ke3 Rf8 20. Ke2 h5
21. c4 dxc4 22. Nxc4 Nd4+ 23. Ke3 Bd5 24. Kd3 Bxc4+ 25. Kxc4 Rf1 26. d3 Ne2
0-1

[Event "The Barry Sheene Appreciation Tournament"]
[Site "SchemingMind.com"]
[Date "2011.04.06"]
[Round "-"]
[White "capablanca"]
[Black "lennart"]
[Result "1-0"]
[WhiteCountry "GER"]
[BlackCountry "SWE"]
[WhiteElo "1645"]
[WhiteRD "54"]
[BlackElo "1506"]
[BlackRD "51"]
[GameID "280167"]

1. e4 e5 2. Nf3 Nc6 3. Bc4 Nf6 4. Ng5 Bc5 5. Nxf7 Bxf2+ 6. Kxf2 Qe7 7. Nxh8 Nxe4+ 8. Ke3 Nd6 9. Qh5+ g6 10. Nxg6 Nxc4+
11. Ke2 hxg6 12. Qxg6+ Qf7 13. Qxf7+
1-0

[Event "The Barry Sheene Appreciation Tournament"]
[Site "SchemingMind.com"]
[Date "2011.04.06"]
[Round "-"]
[White "keen"]
[Black "lennart"]
[Result "1-0"]
[WhiteCountry "SCO"]
[BlackCountry "SWE"]
[WhiteElo "1703"]
[WhiteRD "56"]
[BlackElo "1506"]
[BlackRD "51"]
[GameID "280169"]

1. e4 e5 2. Nf3 Nc6 3. Bc4 Nf6 4. Ng5 Bc5 5. Nxf7 Bxf2+ 6. Kf1 Qe7 7. Nxh8 Nxe4 8. Qh5+ g6 9. Nxg6 Qf6 10. Nxe5+ Kd8
11. Nxc6+ bxc6 12. Qf3 Bh4 13. Qxf6+ Nxf6 14. Nc3 Rb8 15. d3 c5 16. g3
1-0

[Event "The Barry Sheene Appreciation Tournament"]
[Site "SchemingMind.com"]
[Date "2011.04.06"]
[Round "-"]
[White "Queeny"]
[Black "lennart"]
[Result "1-0"]
[WhiteCountry "ENG"]
[BlackCountry "SWE"]
[WhiteElo "1651"]
[WhiteRD "72"]
[BlackElo "1506"]
[BlackRD "51"]
[GameID "280170"]

1. e4 e5 2. Nf3 Nc6 3. Bc4 Nf6 4. Ng5 Bc5 5. Nxf7 Bxf2+ 6. Kf1 Qe7 7. Nxh8 Qf8 8. Bf7+ Kd8 9. Qf3 Bb6 10. d3 h6
11. Bxh6 Qxh8 12. Bg5 Ne7 13. Bxf6 gxf6 14. Qh5 Qf8 15. Ke2 d6 16. Rf1 Qg7 17. Kf3 d5 18. Bxd5 Nxd5 19. exd5 Bd7 20. Nd2 c6
21. Nc4 Bc5 22. Na5 Rb8 23. dxc6 Be8 24. Qh4 b6 25. Nb7+ Kc7 26. Nxc5 bxc5 27. Kf2 Rxb2 28. Rfc1 Bxc6 29. Qg3 Qh6 30. Kg1 Rb4
31. Rf1 Kd6 32. c3 Rb7 33. Qf2 Qg5 34. Qxf6+
1-0

[Event "The Barry Sheene Appreciation Tournament"]
[Site "SchemingMind.com"]
[Date "2011.04.07"]
[Round "-"]
[White "Yellow"]
[Black "lennart"]
[Result "1-0"]
[WhiteCountry "INT"]
[BlackCountry "SWE"]
[WhiteElo "2003"]
[WhiteRD "117"]
[BlackElo "1506"]
[BlackRD "51"]
[GameID "280171"]

1. e4 e5 2. Nf3 Nc6 3. Bc4 Nf6 4. Ng5 Bc5 5. Nxf7 Bxf2+ 6. Kf1 Qe7 7. Nxh8 Bb6 8. Bf7+ Kf8 9. Nc3 Nd8 10. Nd5 Nxd5
11. Bxd5 Qf6+ 12. Qf3 Qxf3+ 13. gxf3 c6 14. Bc4 Bc5 15. c3 b5 16. Bb3 d6 17. f4 Bh3+ 18. Ke2 Bg2 19. Re1 Bxe4 20. fxe5 d5
21. d3 Bg2 22. Be3 Be7 23. Rg1 Bh3 24. Rg3 Be6 25. Rf1+ Kg8 26. Bh6
1-0

[Event "The Barry Sheene Appreciation Tournament"]
[Site "SchemingMind.com"]
[Date "2011.04.07"]
[Round "-"]
[White "Olli Ylönen"]
[Black "lennart"]
[Result "1-0"]
[WhiteCountry "FIN"]
[BlackCountry "SWE"]
[WhiteElo "1607"]
[WhiteRD "51"]
[BlackElo "1506"]
[BlackRD "51"]
[GameID "280172"]

1. e4 e5 2. Nf3 Nc6 3. Bc4 Nf6 4. Ng5 Bc5 5. Nxf7 Bxf2+ 6. Kf1 Qe7 7. Nxh8 Bb6 8. d3 d6 9. Bf7+ Kf8 10. Bg5 Be6
11. Bxe6 Qxe6 12. Ke1 Kg8 13. Rf1 Nd7 14. Nf7 Nd8 15. Nxd8
1-0

[Event "The Barry Sheene Appreciation Tournament"]
[Site "SchemingMind.com"]
[Date "2011.04.07"]
[Round "-"]
[White "childescar"]
[Black "lennart"]
[Result "0-1"]
[WhiteCountry "FRA"]
[BlackCountry "SWE"]
[WhiteElo "1358"]
[WhiteRD "74"]
[BlackElo "1506"]
[BlackRD "51"]
[GameID "280173"]

1. e4 e5 2. Nf3 Nc6 3. Bc4 Nf6 4. Ng5 Bc5 5. Nxf7 Bxf2+ 6. Kxf2 Qe7 7. Rf1 Rf8 8. Kg1 Qc5+ 9. Kh1 Qxc4 10. Ng5 d6
11. d3 Qc5 12. Nc3 h5 13. Rxf6 Rxf6 14. Qxh5+ Kd7 15. Nd5 Rf1#
0-1